A course in point set topology (Record no. 1309045)

MARC details
000 -LEADER
fixed length control field 01105nam a2200229 4500
005 - DATE AND TIME OF LATEST TRANSACTION
control field 20250416122934.0
008 - FIXED-LENGTH DATA ELEMENTS--GENERAL INFORMATION
fixed length control field 250416b |||||||| |||| 00| 0 eng d
020 ## - INTERNATIONAL STANDARD BOOK NUMBER
International Standard Book Number 9783319023670
037 ## - SOURCE OF ACQUISITION
Terms of availability Textual
040 ## - CATALOGING SOURCE
Original cataloging agency RTL
Transcribing agency RTL
084 ## - COLON CLASSIFICATION NUMBER
Classification number B316 Q4
Assigning agency RTL
100 ## - MAIN ENTRY--PERSONAL NAME
Personal name Conway, john B.
245 ## - TITLE STATEMENT
Title A course in point set topology
260 ## - PUBLICATION, DISTRIBUTION, ETC.
Place of publication, distribution, etc. New York
Name of publisher, distributor, etc. Springer
Date of publication, distribution, etc. 2014
300 ## - PHYSICAL DESCRIPTION
Extent vii, 142 p.
Other physical details Includes bibliographical reference and index
490 ## - SERIES STATEMENT
Series statement Undergraduate texts in mathematics
International Standard Serial Number 0172-6056
520 ## - SUMMARY, ETC.
Summary, etc. This textbook in point set topology is aimed at an upper-undergraduate audience. Its gentle pace will be useful to students who are still learning to write proofs. Prerequisites include calculus and at least one semester of analysis, where the student has been properly exposed to the ideas of basic set theory such as subsets, unions, intersections, and functions, as well as convergence and other topological notions in the real line.
650 ## - SUBJECT ADDED ENTRY--TOPICAL TERM
Topical term or geographic name entry element Topology
9 (RLIN) 447898
650 ## - SUBJECT ADDED ENTRY--TOPICAL TERM
Topical term or geographic name entry element Point set theory
9 (RLIN) 752344
650 ## - SUBJECT ADDED ENTRY--TOPICAL TERM
Topical term or geographic name entry element Mathematics
942 ## - ADDED ENTRY ELEMENTS (KOHA)
Source of classification or shelving scheme Colon Classification (CC)
Suppress in OPAC No
Koha item type Textbook
Classification part B316 Q4
Holdings
Withdrawn status Lost status Source of classification or shelving scheme Damaged status Not for loan Home library Current library Date acquired Total Checkouts Full call number Barcode Date last seen Date last checked out Price effective from Koha item type
    Colon Classification (CC)     Ratan Tata Library Ratan Tata Library 2025-04-16 1 B316 Q4 RT1585277 2025-10-06 2025-09-26 2025-04-16 Textbook
Copyright @ Delhi University Library System